000 00783cab a2200253 4500
001 ABS59603
008 090401t1998 xxu||||| |||| 00| 0 eng d
035 _a(Sirsi) u90070
041 _aeng
100 _aNicholson, R.
245 _aConstructing change
260 _c1998
350 _a0
490 _aArchitects` Journal
_v20(208) 26 November 1998, 62-63(2)
520 _aDiscussion of the Egan Report and its promotion of better value for money for the client, looking at ways in which it will change the construction industry.
650 _aARCHITECTS
650 _aBUILT ENVIRONMENT
650 _aEGAN REFORMS
650 _aINVESTMENT
650 _aPERFORMANCE INDICATORS
690 _aBUILDING AND CONSTRUCTION-ECONOMICS
942 _n0
948 _c01/12/1998
999 _c57047
_d57047